| 000 -LEADER |
| fixed length control field |
02762cam a2200361 a 4500 |
| 001 - CONTROL NUMBER |
| control field |
16298293 |
| 005 - DATE AND TIME OF LATEST TRANSACTION |
| control field |
20170105102842.0 |
| 008 - FIXED-LENGTH DATA ELEMENTS--GENERAL INFORMATION |
| fixed length control field |
100623s2011 nyua b 001 0 eng |
| 010 ## - LIBRARY OF CONGRESS CONTROL NUMBER |
| LC control number |
2010023997 |
| 020 ## - INTERNATIONAL STANDARD BOOK NUMBER |
| International Standard Book Number |
9780415884266 |
| 020 ## - INTERNATIONAL STANDARD BOOK NUMBER |
| International Standard Book Number |
0415884268 |
| 035 ## - SYSTEM CONTROL NUMBER |
| System control number |
(OCoLC)ocn606777110 |
| 040 ## - CATALOGING SOURCE |
| Original cataloging agency |
DLC |
| Transcribing agency |
DLC |
| Modifying agency |
YDX |
| -- |
BTCTA |
| -- |
YDXCP |
| -- |
CDX |
| -- |
BWX |
| -- |
SBM |
| -- |
DLC |
| 050 00 - LIBRARY OF CONGRESS CALL NUMBER |
| Classification number |
PN4815.2 |
| Item number |
.J68 2011 |
| 082 00 - DEWEY DECIMAL CLASSIFICATION NUMBER |
| Classification number |
070.43 |
| Edition number |
22 |
| 245 00 - TITLE STATEMENT |
| Title |
Journalists, sources and credibility : |
| Remainder of title |
new perspectives / |
| Statement of responsibility, etc. |
edited by Bob Franklin and Matt Carlson. |
| 260 ## - PUBLICATION, DISTRIBUTION, ETC. |
| Place of publication, distribution, etc. |
New York : |
| Name of publisher, distributor, etc. |
Routledge, |
| Date of publication, distribution, etc. |
2011. |
| 300 ## - PHYSICAL DESCRIPTION |
| Extent |
viii, 203 p. : |
| Other physical details |
ill. ; |
| Dimensions |
24 cm. |
| 490 1# - SERIES STATEMENT |
| Series statement |
Routledge research in journalism ; |
| Volume/sequential designation |
1 |
| 504 ## - BIBLIOGRAPHY, ETC. NOTE |
| Bibliography, etc. note |
Includes bibliographical references and index. |
| 505 0# - FORMATTED CONTENTS NOTE |
| Formatted contents note |
Introduction / Matt Carlson and Bob Franklin -- Credibility, transparency and diversity. Source credibility as a journalistic work tool / Zvi Reich -- Wither anonymity? journalism and unnamed sources in a changing media environment / Matt Carlson -- Journalists as "unwilling" sources: transparency and the new ethics of journalism / Angela Phillips -- Activist media as mainstream model: what can professional journalists learn from indymedia? / Chris Atton -- Entrenched practices, entrenched sources. Rules, recycling, filters and conspiracies: Nick Davies and the propaganda model / Julian Petley -- Sources, credibility and the continuing crisis of UK journalism / Bob Franklin -- Sourcing business news: a case study of public relations uptake / Tom Van Hout -- Sources of arts journalism: who's writing the arts pages? / Lucinda Strahan -- Citizens and sourcing: finding a way forward -- Are citizens becoming sources? A look into Flemish journalists? professional contacts / Jeroen De Keyser, Karin Raeymaeckers and Steve Paulussen -- The limits of audience participation: UGC @ the BBC / Andrew Williams, Claire Wardle and Karin Wahl Jorgensen -- The scope of user generated content: user contributions within online journalism / Annika Bergstrom -- Citizen journalism and everyday life: a case study of Germany's myheimat.de / Axel Bruns. |
| 650 #0 - SUBJECT ADDED ENTRY--TOPICAL TERM |
| Topical term or geographic name entry element |
Journalism |
| General subdivision |
History |
| Chronological subdivision |
21st century. |
| 650 #0 - SUBJECT ADDED ENTRY--TOPICAL TERM |
| Topical term or geographic name entry element |
Attribution of news. |
| 650 #0 - SUBJECT ADDED ENTRY--TOPICAL TERM |
| Topical term or geographic name entry element |
Journalistic ethics. |
| 650 #0 - SUBJECT ADDED ENTRY--TOPICAL TERM |
| Topical term or geographic name entry element |
Citizen journalism. |
| 700 1# - ADDED ENTRY--PERSONAL NAME |
| Personal name |
Franklin, Bob, |
| Dates associated with a name |
1949- |
| 700 1# - ADDED ENTRY--PERSONAL NAME |
| Personal name |
Carlson, Matt, |
| Dates associated with a name |
1977- |
| 830 #0 - SERIES ADDED ENTRY--UNIFORM TITLE |
| Uniform title |
Routledge research in journalism ; |
| Volume/sequential designation |
1. |
| 856 42 - ELECTRONIC LOCATION AND ACCESS |
| Materials specified |
Contributor biographical information |
| Uniform Resource Identifier |
<a href="http://www.loc.gov/catdir/enhancements/fy1113/2010023997-b.html">http://www.loc.gov/catdir/enhancements/fy1113/2010023997-b.html</a> |
| 906 ## - LOCAL DATA ELEMENT F, LDF (RLIN) |
| a |
7 |
| b |
cbc |
| c |
orignew |
| d |
1 |
| e |
ecip |
| f |
20 |
| g |
y-gencatlg |
| 942 ## - ADDED ENTRY ELEMENTS (KOHA) |
| Source of classification or shelving scheme |
|
| Koha item type |
Book |